| 000 | 00535nam a2200217Ia 4500 | ||
|---|---|---|---|
| 003 | OSt | ||
| 005 | 20230408111117.0 | ||
| 008 | 210210b2013 xxu||||| |||| 00| 0 eng d | ||
| 020 | _a9789381226605 | ||
| 040 | _cAL | ||
| 041 | _aeng | ||
| 082 | _a664.9 SENM | ||
| 100 |
_aSEN (A R) _984866 |
||
| 245 | _aMeat science: a student guide | ||
| 260 |
_aDelhi _bSatish Serial Publishing House _c2013 |
||
| 300 | _ax,242 | ||
| 690 |
_aFood Technology _984867 |
||
| 700 |
_aMUTHUKUMAR (M) _984868 |
||
| 906 | _a070558 | ||
| 942 |
_2ddc _cBK |
||
| 999 |
_c119966 _d119966 |
||